[Event "41st Olympiad Women 2014"]
[Site "Tromso NOR"]
[Date "2014.08.06"]
[Round "5.7"]
[Board "1"]
[White "Socko, Monika"]
[Black "Nakhbayeva, Guliskhan"]
[Result "1/2-1/2"]
[WhiteTitle "GM"]
[BlackTitle "WGM"]
[WhiteElo "2470"]
[BlackElo "2336"]
[WhiteTeam "Poland"]
[BlackTeam "Kazakhstan"]
[WhiteFideId "1106619"]
[BlackFideId "13704788"]
[EventDate "2014.08.02"]

1. d4 Nf6 2. c4 e6 3. Nc3 Bb4 4. Qc2 O-O 5. a3 Bxc3+ 6. Qxc3 d5 7. Nf3 dxc4 8.
Qxc4 b6 9. g3 Ba6 10. Qc2 Nbd7 11. Bg2 c5 12. O-O Rc8 13. dxc5 Rxc5 14. Qd2 Qc7
15. Nd4 Bb7 16. f3 Rd8 17. b4 Rc4 18. Bb2 Nc5 19. bxc5 bxc5 20. Bc3 Qc8 21. Ba5
Rdxd4 22. Qb2 Rd7 23. Bc3 Ne8 24. Rfc1 Ra4 25. e4 c4 26. Bf1 Qc6 27. Qf2 Ba6 28.
Rd1 Rxd1 29. Rxd1 Rxa3 30. Qe3 h6 31. Rd8 Kh7 32. Qd4 e5 33. Qxe5 Qb6+ 34. Qd4
Rxc3 35. Qxb6 axb6 36. Rxe8 Rxf3 37. Ra8 Bb7 38. Ra7 Bc6 39. Bxc4 Bxe4 40. Bxf7
b5 41. Re7 Bc6 42. Rc7 Be4 43. Re7 Bc2 44. Rb7 Bd3 45. Be8 Rf1+ 46. Kg2 Rf6 47.
Rb8 Rf5 48. h4 h5 49. g4 hxg4 50. Kg3 Be2 51. Bc6 Rf6 52. Be4+ g6 53. h5 Kh6 54.
hxg6 Rxg6 55. Bxg6 Kxg6 56. Re8 Bc4 57. Kxg4 Kf7 58. Re4 Kg6 59. Kf4 Kf6 60. Re5
Kg6 61. Rc5 Kg7 62. Rc6 Kf7 63. Ke5 Kg7 64. Rf6 Kh8 65. Rg6 Bg8 66. Kf6 b4 67.
Rh6+ Bh7 68. Kf7 b3 69. Rh2 b2 70. Rxb2 Bg8+ 71. Kg6 Bh7+ 72. Kh6 Bg8 73. Rb7
Bd5 74. Rd7 Bg8 75. Kg6 Bc4 76. Rd4 Bb3 77. Rd2 Bc4 78. Rd1 Bb3 79. Rc1 Bd5 80.
Rc5 Bb3 81. Rc3 Bd5 82. Re3 Ba2 83. Rh3+ Kg8 84. Ra3 Bd5 85. Ra5 Bf7+ 86. Kf6
Bc4 87. Rg5+ Kh8 88. Rg2 Bg8 89. Kg6 Bh7+ 90. Kh6 Bg8 91. Rg7 Bc4 92. Rh7+ Kg8
93. Rc7 Ba2 94. Rb7 Kh8 95. Rh7+ Kg8 96. Ra7 Bd5 97. Kg6 Be4+ 98. Kf6 Kh8 99.
Kf7 Bd5+ 100. Kf8 Be4 101. Re7 Bh7 102. Rg7 Bd3 103. Rg8+ Kh7 104. Rg3 Be4 105.
Re3 Bf5 106. Kf7 Bg6+ 107. Kf6 Bc2 108. Rh3+ Kg8 109. Rg3+ Kh8 110. Rg7 1/2-1/2

[Event "41st Olympiad Women 2014"]
[Site "Tromso NOR"]
[Date "2014.08.06"]
[Round "5.7"]
[Board "2"]
[White "Saduakassova, Dinara"]
[Black "Zawadzka, Jolanta"]
[Result "1/2-1/2"]
[WhiteTitle "WGM"]
[BlackTitle "WGM"]
[WhiteElo "2375"]
[BlackElo "2398"]
[WhiteTeam "Kazakhstan"]
[BlackTeam "Poland"]
[WhiteFideId "13700090"]
[BlackFideId "1122320"]
[EventDate "2014.08.02"]

1. d4 d5 2. c4 c6 3. Nf3 e6 4. e3 Nf6 5. Bd3 Nbd7 6. b3 Bd6 7. Bb2 b6 8. O-O O-O
9. Nbd2 Bb7 10. Ne5 c5 11. f4 cxd4 12. Bxd4 Nc5 13. Bc2 Rc8 14. Rc1 Qe7 15. cxd5
Bxd5 16. Qe2 Nce4 17. Nec4 Bc5 18. Bb2 b5 19. Nxe4 Nxe4 20. Nd2 Qb7 21. Rfd1 a6
22. Bb1 h6 23. Nf1 Bb6 24. Ng3 Nxg3 25. hxg3 Be4 26. Bxe4 Qxe4 27. Kf2 Rxc1 28.
Rxc1 Rd8 29. Ba3 e5 30. Bc5 Ba5 31. Rc2 Rc8 32. a3 Bb6 33. b4 exf4 34. gxf4 Qf5
35. g4 Qe4 36. Rc3 Bd8 37. Rd3 Bh4+ 38. Kg1 Re8 39. Rd7 Qb1+ 40. Kh2 Bf6 41. Rd1
Qb3 42. Qd3 Qe6 43. Qd7 Qe4 44. Qd5 Qc2+ 45. Rd2 Qc1 46. Rd3 Qf1 47. Rd2 Rd8 48.
Qa2 Rxd2+ 49. Qxd2 Qf3 50. Qd7 Qf2+ 51. Kh1 Qf1+ 52. Kh2 Qf2+ 53. Kh1 Qf1+ 1/2-1/2

[Event "41st Olympiad Women 2014"]
[Site "Tromso NOR"]
[Date "2014.08.06"]
[Round "5.7"]
[Board "3"]
[White "Szczepkowska-Horowska, Karina"]
[Black "Abdumalik, Zhansaya"]
[Result "1-0"]
[WhiteTitle "WGM"]
[BlackTitle "WGM"]
[WhiteElo "2380"]
[BlackElo "2333"]
[WhiteTeam "Poland"]
[BlackTeam "Kazakhstan"]
[WhiteFideId "1122681"]
[BlackFideId "13703544"]
[EventDate "2014.08.02"]

1. e4 c5 2. Nf3 e6 3. c4 Nc6 4. Nc3 Nf6 5. Be2 d5 6. exd5 exd5 7. d4 Be6 8. cxd5
Nxd5 9. O-O Nxc3 10. bxc3 cxd4 11. Nxd4 Nxd4 12. cxd4 Be7 13. Bf3 O-O 14. Bxb7
Rb8 15. Bf3 Bc4 16. Re1 Bb4 17. Bd2 Ba3 18. Qa4 Qxd4 19. Rad1 Qc5 20. Be3 Qb4
21. Qxa7 Rfd8 22. h3 Qf8 23. Bf4 Bc5 24. Qa4 Bb5 25. Qb3 Bd6 26. Bxd6 Rxd6 27.
Rxd6 Qxd6 28. Rb1 h6 29. a4 Rb6 30. axb5 g6 31. Rd1 Qf6 32. Qd5 1-0

[Event "41st Olympiad Women 2014"]
[Site "Tromso NOR"]
[Date "2014.08.06"]
[Round "5.7"]
[Board "4"]
[White "Davletbayeva, Madina"]
[Black "Kulon, Klaudia"]
[Result "0-1"]
[WhiteTitle "WIM"]
[BlackTitle "WIM"]
[WhiteElo "2289"]
[BlackElo "2301"]
[WhiteTeam "Kazakhstan"]
[BlackTeam "Poland"]
[WhiteFideId "13703595"]
[BlackFideId "1131044"]
[EventDate "2014.08.02"]

1. e4 e5 2. Nf3 Nc6 3. Bb5 a6 4. Ba4 Nf6 5. O-O Be7 6. Re1 b5 7. Bb3 d6 8. c3
O-O 9. d3 Na5 10. Bc2 c5 11. Nbd2 Qc7 12. Nf1 g6 13. Bg5 Nh5 14. Bh6 Re8 15. Ne3
Be6 16. a3 Nb7 17. d4 Rad8 18. d5 Bd7 19. b4 Rc8 20. Qd2 f6 21. Bd1 Nd8 22. Nh4
Ng7 23. Bxg7 Kxg7 24. g3 Nf7 25. Neg2 f5 26. exf5 g5 27. Nf3 Bxf5 28. h4 h6 29.
a4 e4 30. Nh2 cxb4 31. Ne3 Bh7 32. hxg5 Bxg5 33. Bg4 bxc3 34. Qe2 Rb8 35. axb5
axb5 36. Ra6 Ne5 37. Bh5 Re7 38. Rb1 b4 39. Qc2 b3 40. Rxb3 Rxb3 41. Qxb3 Bxe3 0-1

[Event "41st Olympiad Women 2014"]
[Site "Tromso NOR"]
[Date "2014.08.06"]
[Round "5.8"]
[Board "3"]
[White "Guichard, Pauline"]
[Black "Melamed, Tatjana"]
[Result "1-0"]
[WhiteTitle "WGM"]
[BlackTitle "WGM"]
[WhiteElo "2375"]
[BlackElo "2364"]
[WhiteTeam "France"]
[BlackTeam "Germany"]
[WhiteFideId "639370"]
[BlackFideId "14102145"]
[EventDate "2014.08.02"]

1. Nf3 Nf6 2. c4 g6 3. Nc3 Bg7 4. e4 d6 5. d4 O-O 6. Be2 e5 7. O-O exd4 8. Nxd4
c6 9. Kh1 Nbd7 10. f3 a6 11. Bf4 Ne5 12. Qd2 b5 13. Rad1 Qb6 14. Nb3 bxc4 15.
Bxe5 dxe5 16. Bxc4 Qb4 17. Qd3 Nh5 18. a3 Qe7 19. Qd6 Qh4 20. Ne2 Bh6 21. Qxe5
Bg7 22. Qc7 Bxb2 23. Nbd4 Bxa3 24. Nxc6 Qg5 25. Rd5 Qe3 26. Nd8 Qa7 27. Qa5 Be7
28. Nc6 Qb7 29. Ncd4 Rb8 30. Qa2 Nf6 31. Ra5 Qb6 32. e5 Ne8 33. e6 f6 34. Rd1
Nc7 35. Nf4 Rd8 36. Nd5 Nxd5 37. Rxd5 Rxd5 38. Bxd5 Qb2 39. Nc6 Qb7 40. Nxb8
Qxb8 41. Qc4 Kg7 42. Qc6 a5 43. Rc1 Qe5 44. Qc7 Qxd5 45. Qxe7+ 1-0

[Event "41st Olympiad Women 2014"]
[Site "Tromso NOR"]
[Date "2014.08.06"]
[Round "5.8"]
[Board "4"]
[White "Ohme, Melanie"]
[Black "Collas, Silvia"]
[Result "0-1"]
[WhiteTitle "WGM"]
[BlackTitle "IM"]
[WhiteElo "2301"]
[BlackElo "2316"]
[WhiteTeam "Germany"]
[BlackTeam "France"]
[WhiteFideId "4690745"]
[BlackFideId "2902265"]
[EventDate "2014.08.02"]

1. e4 d6 2. d4 Nf6 3. Nc3 e5 4. Nf3 Nbd7 5. Bc4 Be7 6. O-O O-O 7. Re1 a6 8. a4
b6 9. b3 Bb7 10. Bb2 c6 11. Bf1 Re8 12. g3 Bf8 13. Bg2 Qc7 14. Qd2 g6 15. Rad1
b5 16. axb5 axb5 17. dxe5 dxe5 18. Qg5 h6 19. Qc1 Nh5 20. Bh3 Ndf6 21. Rd3 Kh7
22. Qe3 b4 23. Nd1 c5 24. Nd2 Ba6 25. Nc4 Bxc4 26. bxc4 Ng7 27. Qf3 Qc6 28. Qe2
Ra2 29. f3 Bd6 30. Qd2 Bc7 31. Bc1 Rh8 32. Ne3 Ne6 33. Nd5 Ng5 34. Bg2 Kg7 35.
f4 Ne6 36. Nxf6 Kxf6 37. Qf2 Nd4 38. fxe5+ Kg7 39. Rf1 Qe6 40. Bh3 Qe7 41. Qf6+
Qxf6 42. exf6+ Kh7 43. Be3 Be5 44. Rf2 Rha8 45. Bg4 R8a6 46. Bf4 Bxf4 47. gxf4
Rxf6 48. e5 Rfa6 49. Rdd2 R6a3 50. f5 gxf5 51. Bxf5+ Kg7 52. Kg2 Re3 53. Bd3
Rxe5 54. Rd1 Ra6 55. Rdf1 f6 56. Rf4 Rg5+ 57. Kh1 Kf7 58. h4 Rg3 59. Kh2 Re3 60.
h5 Re5 61. Bg6+ Ke7 62. R1f2 Rg5 63. Kh3 Re6 64. Kh2 f5 65. Bxf5 Rxh5+ 66. Bh3
Re3 67. Rf7+ Kd6 68. R7f6+ Ke5 69. Kg2 Rexh3 0-1

[Event "41st Olympiad Women 2014"]
[Site "Tromso NOR"]
[Date "2014.08.06"]
[Round "5.9"]
[Board "1"]
[White "Ziaziulkina, Nastassia"]
[Black "Peptan, Corina-Isabela"]
[Result "1/2-1/2"]
[WhiteTitle "IM"]
[BlackTitle "IM"]
[WhiteElo "2407"]
[BlackElo "2422"]
[WhiteTeam "Belarus"]
[BlackTeam "Romania"]
[WhiteFideId "13505211"]
[BlackFideId "1201930"]
[EventDate "2014.08.02"]

1. e4 c5 2. Nf3 e6 3. d4 cxd4 4. Nxd4 Nc6 5. Nc3 Qc7 6. Be3 a6 7. Be2 Nf6 8. a3
Be7 9. f4 d5 10. e5 Nd7 11. O-O O-O 12. Bd3 Nxd4 13. Bxd4 f5 14. exf6 Bxf6 15.
Bxf6 Nxf6 16. Qd2 Bd7 17. Qe3 Rf7 18. Rae1 Raf8 19. Qd4 Ng4 20. g3 g6 21. Qb4
Bc8 22. Qd4 Bd7 23. Nd1 Re8 24. Nf2 Nh6 25. Re2 Rc8 26. Rfe1 Qc5 27. Qxc5 Rxc5
28. c3 Rf8 29. Bb1 Nf7 30. h4 Kg7 31. Nd3 Rc7 32. Ne5 Be8 33. Nf3 Nd8 34. Nd4
Bf7 35. Bd3 Kf6 36. Re3 Re8 37. g4 Ke7 38. Kf2 Kd6 39. Kg3 Rce7 40. Nf3 Nc6 41.
Ng5 Bg8 42. Rd1 Kc7 43. Nf3 e5 44. fxe5 Nxe5 45. Nxe5 Rxe5 46. Rxe5 Rxe5 47. Kf4
Kd6 48. Rd2 Bf7 49. Re2 Rxe2 50. Bxe2 h6 51. Bd3 a5 52. b4 b6 53. Bb5 Ke6 54.
Ba4 1/2-1/2

[Event "41st Olympiad Women 2014"]
[Site "Tromso NOR"]
[Date "2014.08.06"]
[Round "5.9"]
[Board "2"]
[White "L'Ami, Alina"]
[Black "Stetsko, Lanita"]
[Result "0-1"]
[WhiteTitle "WGM"]
[BlackTitle "FM"]
[WhiteElo "2446"]
[BlackElo "2261"]
[WhiteTeam "Romania"]
[BlackTeam "Belarus"]
[WhiteFideId "1210246"]
[BlackFideId "13505300"]
[EventDate "2014.08.02"]

1. d4 Nf6 2. c4 e6 3. Nf3 d5 4. Nc3 Bb4 5. Qa4+ Nc6 6. a3 Be7 7. Ne5 Bd7 8. Nxd7
Qxd7 9. e3 a6 10. Be2 dxc4 11. Qxc4 Na5 12. Qa2 Nd5 13. Bd2 Nc6 14. O-O O-O 15.
Bf3 Rad8 16. Rfd1 Rfe8 17. Rac1 Bf8 18. b4 Na7 19. Ne4 c6 20. Qb1 Qc7 21. Ng5
Nf6 22. Bc3 h6 23. Ne4 Nd5 24. Bb2 Nc8 25. Nc5 Nce7 26. e4 Nf4 27. g3 Nh3+ 28.
Kg2 Ng5 29. Bh5 b6 30. Nb3 Nh7 31. Bf3 Ng5 32. Be2 f5 33. f3 Qb7 34. h4 Nf7 35.
Bc4 Nc8 36. exf5 exf5 37. Qxf5 Nd6 38. Bxf7+ Nxf7 39. Re1 Rd5 40. Qg6 Rxe1 41.
Rxe1 a5 42. Bc3 axb4 43. axb4 Nd6 44. Bd2 Nf5 45. Re4 Qd7 46. Bc3 Rd6 47. Qg4
Qf7 48. Nd2 Rg6 49. Qf4 Bd6 50. Re5 Bxe5 51. dxe5 Nxg3 52. Qxf7+ Kxf7 53. Kf2
Nf5 54. Ne4 Nxh4 55. Bd4 b5 56. Nc5 Nf5 57. Bc3 h5 58. Bd2 h4 59. Ne4 Ke6 60.
Bf4 Kd5 61. Ng5 Nd4 62. Nh3 Ne6 63. Bh2 c5 64. f4 Ke4 65. bxc5 Nxc5 66. Ng5+
Rxg5 67. fxg5 Nd3+ 68. Kg2 Nxe5 69. Bg1 b4 70. Bc5 b3 0-1

[Event "41st Olympiad Women 2014"]
[Site "Tromso NOR"]
[Date "2014.08.06"]
[Round "5.9"]
[Board "3"]
[White "Nevioselaya, Maria"]
[Black "Bulmaga, Irina"]
[Result "0-1"]
[BlackTitle "IM"]
[WhiteElo "2032"]
[BlackElo "2354"]
[WhiteTeam "Belarus"]
[BlackTeam "Romania"]
[WhiteFideId "13502280"]
[BlackFideId "13903063"]
[EventDate "2014.08.02"]

1. e4 c5 2. Nf3 a6 3. c4 Nc6 4. Nc3 Nd4 5. g3 d6 6. Bg2 g6 7. O-O Bg7 8. d3 Bg4
9. Nd5 e6 10. Ne3 Bxf3 11. Bxf3 Ne7 12. Bg2 Qd7 13. f4 h5 14. h4 Nec6 15. Rb1 f5
16. exf5 gxf5 17. Re1 Kf7 18. b3 Bf6 19. Bb2 Rag8 20. Bxd4 Nxd4 21. Kf2 Qd8 22.
Rh1 Qa5 23. a4 Qc3 24. Bxb7 a5 25. Ba6 Nc6 26. Rc1 Qd4 27. Qf3 Nb4 28. Kg2 Nxa6
29. Qb7+ Kg6 30. Qxa6 Qxe3 31. Rce1 Qxd3 32. Rxe6 Kf7 33. Qxd6 Qxg3+ 34. Kf1
Qf3+ 35. Ke1 Bc3+ 0-1

[Event "41st Olympiad Women 2014"]
[Site "Tromso NOR"]
[Date "2014.08.06"]
[Round "5.9"]
[Board "4"]
[White "Cosma, Elena-Luminita"]
[Black "Kaliadzich, Maryia"]
[Result "1-0"]
[WhiteTitle "WGM"]
[WhiteElo "2327"]
[BlackElo "2020"]
[WhiteTeam "Romania"]
[BlackTeam "Belarus"]
[WhiteFideId "1201590"]
[BlackFideId "13500015"]
[EventDate "2014.08.02"]

1. d4 d5 2. c4 c6 3. cxd5 cxd5 4. Bf4 Nc6 5. Nc3 Nf6 6. e3 a6 7. Bd3 e6 8. Rc1
Be7 9. Nf3 O-O 10. Ne5 Bd7 11. O-O Qa5 12. Bg5 Qc7 13. Na4 h6 14. Bxf6 Bxf6 15.
Nxd7 Qxd7 16. Nb6 Qd6 17. Nxa8 Rxa8 18. Qb3 Qd7 19. h3 Be7 20. Qa4 Rd8 21. a3
Bd6 22. Qc2 Bb8 23. Rfd1 Ne7 24. Qe2 Qd6 25. g3 f5 26. h4 Kh8 27. Rc3 Rf8 28.
Rdc1 g6 29. Kg2 Kg7 30. Qc2 Kf6 31. Qb3 Qd7 32. Qb4 Rh8 33. R3c2 Nc8 34. Bxa6
Nd6 35. Bd3 g5 36. hxg5+ hxg5 37. Rh1 Rxh1 38. Kxh1 Qh7+ 39. Kg1 Qh5 40. Qe1 Qh8
41. Kg2 Ke7 42. Qh1 Qg7 43. Qh5 Kd8 44. Rc1 Nf7 45. Rh1 Qf6 46. Qh7 Ke7 47. Qg8
Bd6 48. Bb5 1-0

[Event "41st Olympiad Women 2014"]
[Site "Tromso NOR"]
[Date "2014.08.06"]
[Round "5.10"]
[Board "3"]
[White "Mamedjarova, Turkan"]
[Black "Abrahamyan, Tatev"]
[Result "0-1"]
[WhiteTitle "WGM"]
[BlackTitle "WGM"]
[WhiteElo "2274"]
[BlackElo "2366"]
[WhiteTeam "Azerbaijan"]
[BlackTeam "United States of America"]
[WhiteFideId "13402005"]
[BlackFideId "13301918"]
[EventDate "2014.08.02"]

1. e4 e6 2. d4 d5 3. exd5 exd5 4. Nf3 Bg4 5. h3 Bh5 6. Qe2+ Qe7 7. Be3 Nc6 8.
Nc3 O-O-O 9. g4 Bg6 10. O-O-O f6 11. a3 Qe8 12. Qb5 a6 13. Qa4 Bd6 14. Nh4 Nge7
15. Re1 Bf7 16. Bd2 Qd7 17. Bd3 g6 18. f4 Kb8 19. Kb1 Nc8 20. Ne2 Nb6 21. Qb3
Nc4 22. Nf3 Ka7 23. f5 g5 24. Bc1 h5 25. Bxc4 dxc4 26. Qe3 Kb8 27. Qf2 Ne7 28.
Ng3 Bxg3 29. Qxg3 c3 30. bxc3 Qb5+ 31. Bb2 Nd5 32. Nd2 Nb6 33. c4 Bxc4 34. Re7
Nd5 35. Ree1 Rd6 36. Nxc4 Qxc4 37. Qb3 Nb6 38. gxh5 Rxh5 39. Ka2 Rd5 40. Re6
Qxb3+ 41. cxb3 Rxf5 42. Rh2 Rf3 43. a4 g4 44. d5 Nxd5 45. Re8+ Ka7 46. Bd4+ b6
47. a5 Rfxh3 48. Rc2 Nb4+ 0-1

[Event "41st Olympiad Women 2014"]
[Site "Tromso NOR"]
[Date "2014.08.06"]
[Round "5.10"]
[Board "4"]
[White "Nemcova, Katerina"]
[Black "Ibrahimova, Sabina"]
[Result "1-0"]
[WhiteTitle "WGM"]
[BlackTitle "WIM"]
[WhiteElo "2315"]
[BlackElo "2263"]
[WhiteTeam "United States of America"]
[BlackTeam "Azerbaijan"]
[WhiteFideId "322750"]
[BlackFideId "13403893"]
[EventDate "2014.08.02"]

1. e4 c5 2. Nf3 Nc6 3. d4 cxd4 4. Nxd4 g6 5. Nc3 Bg7 6. Be3 Nf6 7. Bc4 O-O 8.
Bb3 a5 9. O-O d6 10. h3 Bd7 11. a4 Nxd4 12. Bxd4 Bc6 13. e5 dxe5 14. Bxe5 Qb6
15. Qe2 Rad8 16. Rad1 Qc5 17. Rfe1 e6 18. Rxd8 Rxd8 19. Qc4 Qxc4 20. Bxc4 Ne8
21. Bxg7 Kxg7 22. Kf1 Rd4 23. b3 Nd6 24. Bd3 Kf6 25. f3 h5 26. Kf2 h4 27. Ne2
Rd5 28. Rd1 Ke7 29. c4 Rc5 30. Re1 b6 31. Bb1 Re5 32. Rd1 Nb7 33. Nd4 Be8 34. f4
Rh5 35. Be4 Nc5 36. Bf3 Rh8 37. Ke3 f6 38. Rb1 Bd7 39. b4 axb4 40. Rxb4 e5 41.
fxe5 fxe5 42. Nb5 Na6 43. Rb1 Bf5 44. Rb2 Rd8 45. Bd5 Rb8 46. Nc3 Kd6 47. Bf3
Be6 48. Ne4+ Kc7 49. Be2 Bd7 50. Nc3 Bc6 51. Bd3 Nc5 52. Nd5+ Bxd5 53. cxd5 g5
54. a5 Nxd3 55. Kxd3 bxa5 56. d6+ 1-0

[Event "41st Olympiad Women 2014"]
[Site "Tromso NOR"]
[Date "2014.08.06"]
[Round "5.11"]
[Board "1"]
[White "Golubenko, Valentina"]
[Black "Seps, Monika"]
[Result "1/2-1/2"]
[WhiteTitle "WGM"]
[BlackTitle "WIM"]
[WhiteElo "2269"]
[BlackElo "2236"]
[WhiteTeam "Croatia"]
[BlackTeam "Switzerland"]
[WhiteFideId "4501993"]
[BlackFideId "1308521"]
[EventDate "2014.08.02"]

1. d4 Nf6 2. Nf3 g6 3. g3 Bg7 4. Bg2 O-O 5. O-O d6 6. c4 c6 7. Nc3 Bf5 8. Nh4
Be6 9. d5 cxd5 10. cxd5 Bd7 11. Be3 Na6 12. a3 Nc7 13. Rc1 Nb5 14. Nxb5 Bxb5 15.
a4 Bd7 16. Qb3 Qa5 17. Qxb7 Rfb8 18. Qc7 Qa6 19. Qc2 Bxa4 20. Ra1 Bxc2 21. Rxa6
Ng4 22. Bg5 Bf6 23. Bxf6 Nxf6 24. Nf3 Be4 25. Nd4 Bxg2 26. Kxg2 Rxb2 27. Rd1
Nxd5 28. Nc6 e6 29. Kf3 Kf8 30. e4 Rb3+ 31. Kg2 Nc7 32. Rxa7 Rxa7 33. Nxa7 d5
34. exd5 Nxd5 35. Nc6 Rb2 36. Ra1 Kg7 37. Kf3 g5 38. Ne5 h5 39. h3 Rb3+ 40. Kg2
Kf6 41. Nd7+ Kg7 42. Ne5 Rb7 43. Re1 f5 44. Nf3 Kf6 45. h4 g4 46. Ng5 Rb6 47.
Nh7+ Ke7 48. Ng5 Nf6 49. Ra1 Nd7 50. Ra8 e5 51. Rh8 Nf6 52. Nh7 Ne4 53. Ng5 Nf6
54. Nh7 Ne4 55. Ng5 Nxg5 56. hxg5 Kf7 57. Rh7+ Kg8 58. Rxh5 Kg7 59. Rh1 Rb5 60.
Rh6 f4 61. gxf4 exf4 62. Rf6 Rb4 63. Kh2 Rc4 64. Kg2 Rb4 1/2-1/2

[Event "41st Olympiad Women 2014"]
[Site "Tromso NOR"]
[Date "2014.08.06"]
[Round "5.11"]
[Board "2"]
[White "Heinatz, Gundula"]
[Black "Franciskovic, Borka"]
[Result "1/2-1/2"]
[WhiteTitle "WIM"]
[BlackTitle "WIM"]
[WhiteElo "2169"]
[BlackElo "2318"]
[WhiteTeam "Switzerland"]
[BlackTeam "Croatia"]
[WhiteFideId "4612434"]
[BlackFideId "14507943"]
[EventDate "2014.08.02"]

1. d4 Nf6 2. c4 e6 3. Nf3 Bb4+ 4. Nbd2 b6 5. a3 Bxd2+ 6. Bxd2 h6 7. Bf4 Bb7 8.
e3 d6 9. Be2 Nh5 10. Bg3 Nxg3 11. hxg3 a5 12. Qc2 Nd7 13. O-O O-O 14. g4 Qe7 15.
Nd2 e5 16. d5 c6 17. dxc6 Bxc6 18. b4 Rfc8 19. Qb3 Nf6 20. Rfd1 Qe6 21. b5 Bb7
22. Qd3 Nxg4 23. Nb1 Rd8 24. Nc3 Nf6 25. e4 Rab8 26. Rd2 Ba8 27. Rad1 Qc8 28.
Qe3 Qc7 29. f3 Nh5 30. Bf1 Nf4 31. g3 Ne6 32. Kg2 Nd4 33. Rxd4 exd4 34. Rxd4 Re8
35. Qd3 Rbd8 36. Nd1 g6 37. Ne3 h5 38. Qd2 Qe7 39. Rd3 Qf6 40. Rd4 Kg7 41. Be2
Bb7 42. Bd1 Rh8 43. Rd3 Kh7 44. Qc3 Qxc3 45. Rxc3 Kg7 46. Rd3 Kf6 47. Bc2 Ke7
48. Rd2 Rc8 49. Kf2 Rc5 50. Bd3 Kd7 51. Bf1 Kc7 52. Rd4 Rd8 53. Bh3 Bc8 54. Bg2
Be6 55. f4 f6 56. f5 gxf5 57. exf5 Bf7 58. Bd5 Bxd5 59. Nxd5+ Kb7 60. Re4 Rd7
61. Kf3 Rg7 62. a4 Ka7 63. Kf2 Rc8 64. Nxf6 Rf7 65. Nxh5 Rxf5+ 66. Nf4 Rfc5 67.
Nd5 Rxc4 68. Re7+ Kb8 69. Nxb6 Rc2+ 70. Kf3 R8c7 71. Re6 Rd2 72. Ke3 Rd1 73. Ke2
Rcc1 74. Rg6 Kc7 75. Nc4 Re1+ 76. Kd2 Red1+ 77. Ke2 d5 78. b6+ Kb8 79. Rg8+ Kb7
80. Rg7+ Kb8 81. Rg8+ Kb7 82. Rg7+ 1/2-1/2

[Event "41st Olympiad Women 2014"]
[Site "Tromso NOR"]
[Date "2014.08.06"]
[Round "5.11"]
[Board "3"]
[White "Jelica, Mara"]
[Black "De Seroux, Camille"]
[Result "1/2-1/2"]
[WhiteTitle "WIM"]
[BlackTitle "WFM"]
[WhiteElo "2184"]
[BlackElo "2129"]
[WhiteTeam "Croatia"]
[BlackTeam "Switzerland"]
[WhiteFideId "14504111"]
[BlackFideId "1305620"]
[EventDate "2014.08.02"]

1. e4 c5 2. Nc3 Nc6 3. g3 g6 4. Bg2 Bg7 5. d3 d6 6. Be3 Rb8 7. Qd2 b5 8. Nge2
Nd4 9. O-O b4 10. Nd1 Nxe2+ 11. Qxe2 Nf6 12. h3 O-O 13. Qd2 Qc7 14. Bh6 c4 15.
Bxg7 Kxg7 16. dxc4 Qxc4 17. Ne3 Qc5 18. Rfe1 e6 19. Rad1 Bb7 20. Qxd6 Qxd6 21.
Rxd6 Nxe4 22. Rd4 Nf6 23. Red1 Rfc8 24. g4 h6 25. R1d3 Bxg2 26. Kxg2 Rc5 27. a3
bxa3 28. bxa3 Rb7 29. Ra4 Nd7 30. Rad4 Ne5 31. Rb3 Rbc7 32. Rd8 Nc6 33. Rd2 e5
34. Rd5 Rxd5 35. Nxd5 Rd7 36. Ne3 Nd4 37. Rc3 Ne6 38. Rc6 Rd2 39. Ra6 Nf4+ 40.
Kg3 Ne2+ 41. Kf3 Nd4+ 42. Kg2 Nxc2 43. Nxc2 Rxc2 44. Rxa7 Ra2 45. Kf3 Kf6 46. h4
Kg7 47. a4 Kf6 48. a5 Ra4 49. a6 Rf4+ 50. Kg3 Ra4 51. Ra8 Ra3+ 52. Kg2 e4 53.
Kf1 Ke5 54. Rf8 f5 55. h5 Rxa6 56. hxg6 Rxg6 57. Rxf5+ Kd4 58. Rh5 Rxg4 59. Rxh6
Rg5 60. Rd6+ Ke5 61. Ra6 Kf4 62. Ke2 Rb5 63. Rf6+ 1/2-1/2

[Event "41st Olympiad Women 2014"]
[Site "Tromso NOR"]
[Date "2014.08.06"]
[Round "5.11"]
[Board "4"]
[White "Stoeri, Laura"]
[Black "Deur Saric, Zrinka"]
[Result "1-0"]
[WhiteTitle "WFM"]
[BlackTitle "WFM"]
[WhiteElo "2123"]
[BlackElo "2113"]
[WhiteTeam "Switzerland"]
[BlackTeam "Croatia"]
[WhiteFideId "1304313"]
[BlackFideId "14512670"]
[EventDate "2014.08.02"]

1. e4 c5 2. Nf3 Nc6 3. Bb5 g6 4. O-O Bg7 5. Re1 e5 6. Bxc6 dxc6 7. d3 Qc7 8. Be3
b6 9. h3 Ne7 10. Nbd2 h6 11. Nf1 Be6 12. Qe2 O-O 13. N1h2 Kh7 14. Ng4 Rae8 15.
Bd2 Ng8 16. Bc3 f6 17. Ne3 Ne7 18. h4 h5 19. Bxe5 Qd7 20. Bc3 Nc8 21. Rad1 Nd6
22. Nh2 Nb5 23. Bd2 Bh6 24. Rc1 Rd8 25. Nf3 a5 26. b3 Nd4 27. Nxd4 Qxd4 28. Nf5
Bxf5 29. Bxh6 Kxh6 30. Qd2+ g5 31. hxg5+ fxg5 32. exf5 Rxf5 33. Re6+ Rf6 34. c3
Rxe6 35. cxd4 Rxd4 36. Re1 Rf6 37. Re4 Rd5 38. Qe3 Kg6 39. Re5 Rxe5 40. Qxe5 1-0

[Event "41st Olympiad Women 2014"]
[Site "Tromso NOR"]
[Date "2014.08.06"]
[Round "5.12"]
[Board "1"]
[White "Ordaz Valdes, Lisandra Teresa"]
[Black "Havlikova, Kristyna"]
[Result "1/2-1/2"]
[WhiteTitle "WGM"]
[BlackTitle "WIM"]
[WhiteElo "2345"]
[BlackElo "2215"]
[WhiteTeam "Cuba"]
[BlackTeam "Czech Republic"]
[WhiteFideId "3506940"]
[BlackFideId "309672"]
[EventDate "2014.08.02"]

1. d4 Nf6 2. c4 g6 3. Nc3 d5 4. cxd5 Nxd5 5. Na4 Bg7 6. e4 Nb4 7. a3 N4c6 8. d5
Ne5 9. Nf3 Nxf3+ 10. Qxf3 c6 11. Be2 O-O 12. O-O cxd5 13. exd5 Nd7 14. Qb3 b6
15. Bg5 Nf6 16. Nc3 Bb7 17. Rfd1 h6 18. Bh4 Ne8 19. Nb5 Nd6 20. Bg3 a6 21. Nxd6
exd6 22. Rac1 Re8 23. Bf3 Rc8 24. Qb4 Rxc1 25. Rxc1 Be5 26. Bh4 g5 27. Bg3 Re7
28. h3 Bxg3 29. fxg3 Re5 30. Qd4 b5 31. Kh2 h5 32. Qa7 Bxd5 33. Bxd5 Rxd5 34.
Qxa6 Kg7 35. Qc6 Re5 36. Rd1 h4 37. gxh4 gxh4 38. Rd4 Qe7 39. Qxd6 Qxd6 40. Rxd6
Re2 41. b4 Re3 42. Rd5 Rxa3 43. Rxb5 Rb3 44. Kg1 Kg6 45. Rb8 Kf5 46. b5 Kf4 47.
Kh2 f5 48. b6 Rb2 49. b7 Rb1 50. Rh8 Rxb7 51. Rxh4+ Kg5 52. Ra4 Rb3 53. h4+ Kh5
54. g3 Rb6 55. Kh3 Kg6 56. Ra8 Rc6 57. Rg8+ Kf7 58. Rb8 Kg6 59. Rb4 Ra6 60. Kg2
Ra3 61. Rb6+ Kg7 62. h5 Rc3 63. h6+ Kh7 64. Rf6 Ra3 65. Kh2 Rb3 66. Kh3 f4 67.
Rxf4 Kxh6 68. Rg4 Rb2 69. Rg8 Kh7 70. Ra8 Kg6 71. Kh4 Rb1 72. Rg8+ Kf7 73. Rg5
Rb2 74. Kg4 Rb1 75. Kh5 Rh1+ 76. Kg4 Rb1 77. Ra5 Kg6 78. Ra6+ Kg7 79. Kh4 Rb2
80. g4 Rb5 81. Ra8 Rc5 82. Ra6 Rb5 83. Ra7+ Kg6 84. Ra8 Kg7 85. g5 Rb1 86. Ra7+
Kg6 87. Ra6+ Kg7 88. Kh5 Rh1+ 89. Kg4 Rg1+ 90. Kh5 Rh1+ 1/2-1/2